Науковий Вісник Кафедри ЮНЕСКО Київського національного лінгвістичного університету. Мова, освіта, культура: наукові парадигми і сучасний світ. Серія філологія, педагогіка, психологія. Випуск 6. (Запис № 281665)
[ простий вигляд ]
| 000 -LEADER | |
|---|---|
| fixed length control field | 01110nam a22001817a 4500 |
| 020 ## - INTERNATIONAL STANDARD BOOK NUMBER | |
| International Standard Book Number | 966-638-102-8 |
| 041 ## - LANGUAGE CODE | |
| Language code of text/sound track or separate title | eng |
| 080 ## - UNIVERSAL DECIMAL CLASSIFICATION NUMBER | |
| Universal Decimal Classification number | 81 |
| 090 ## - LOCALLY ASSIGNED LC-TYPE CALL NUMBER (OCLC); LOCAL CALL NUMBER (OCLC) | |
| Local cutter number (OCLC) ; Book number/undivided call number, CALL (RLIN) | АРТ |
| 100 ## - MAIN ENTRY--PERSONAL NAME | |
| Personal name | Артемчук Г.І. |
| 245 ## - TITLE STATEMENT | |
| Title | Науковий Вісник Кафедри ЮНЕСКО Київського національного лінгвістичного університету. Мова, освіта, культура: наукові парадигми і сучасний світ. Серія філологія, педагогіка, психологія. Випуск 6. |
| 260 ## - PUBLICATION, DISTRIBUTION, ETC. (IMPRINT) | |
| Place of publication, distribution, etc | Київ |
| Name of publisher, distributor, etc | Видавничий центр КНЛУ |
| Date of publication, distribution, etc | 2002 |
| 300 ## - PHYSICAL DESCRIPTION | |
| Extent | 541 |
| 440 ## - SERIES STATEMENT/ADDED ENTRY--TITLE | |
| Volume number/sequential designation | 6 |
| 520 ## - SUMMARY, ETC. | |
| Summary, etc | Представлено збірник наукових статей науковців Київського національного лінгвістичного університету та дослідників з України з філології, педагогіки, психології. |
| -- | філологія, педагогіка, психологія |
| 650 ## - SUBJECT ADDED ENTRY--TOPICAL TERM | |
| Topical term or geographic name as entry element | Language Studies |
| 942 ## - ADDED ENTRY ELEMENTS (KOHA) | |
| Koha item type | Книги |
| Withdrawn status | Lost status | Source of classification or shelving scheme | Damaged status | Not for loan | Home library | Current library | Date acquired | Source of acquisition | Cost, normal purchase price | Total Checkouts | Full call number | Barcode | Date last seen | Price effective from | Koha item type |
|---|---|---|---|---|---|---|---|---|---|---|---|---|---|---|---|
| Universal Decimal Classification | ВІЛ - Відділ іноземн. літератури НБ | ВІЛ - Відділ іноземн. літератури НБ | 08/08/2005 | Акт № 5\05 | 60.00 | 81 | 208549 | 30/11/2021 | 26/12/2005 | Книги | |||||
| Universal Decimal Classification | ВІЛ - Відділ іноземн. літератури НБ | ВІЛ - Відділ іноземн. літератури НБ | 11/04/2011 | Акт №01/11 | 10.00 | 81 | 214095 | 30/11/2021 | 11/04/2011 | Книги |